00557nam a2200121Ia 4500008004100000245026000041260001900301260000900320300000600329650002600335650001200361856006200373170516s9999 xx 000 0 und d aAssessment of Apparent Diffusion Coefficient Values as Predictor of Aggressiveness in Peripheral Zone Prostate Cancer: Comparison with Gleason Score, Shayan Sirat Maheen Anwar, Zahid Anwar Khan, Rana Shoaib Hamid, Fahd Haroon, Raza Sayani, Madiha Beg, and bISRN Radiology c2014 a: xRadiologic Technology xRadtech uhttps://www.hindawi.com/journals/isrn/contents/radiology/